000 00621nam a2200181Ia 4500
008 190422s9999 xx 000 0 und d
100 _aJAM van Deuresen, Alexander
245 4 _aThe first-level digital divide shifts from inequalities in physical access to inequalities in material access /
245 _cAlexander JAM van Deuresen and Jan AGM van Dijk.--
260 _bSage
260 _c2019
300 _apages 354-375, February 2019
440 _aNew Media & Society
_v21(2)
650 _aDevice Diversity
650 _aDigital Divide
650 _aDigital Inequality
650 _aFirst-Level Digital Divide
999 _c361436
_d361436